[Event "European Blitz-ch 2018"]
[Site "Skopje"]
[Date "2018.12.06"]
[Round "1"]
[White "Podetti, Davide"]
[Black "Bartel, Mateusz"]
[Result "1/2-1/2"]
[WhiteElo "2163"]
[BlackElo "2600"]
[Annotator "TA"]
[PlyCount "129"]
[EventDate "2018.12.06"]
[EventType "swiss"]
[EventCountry "MKD"]

1. d4 Nf6 2. Nc3 d5 3. Bg5 e6 4. Qd3 Nbd7 5. Nf3 h6 6. Bf4 a6 7. e4 Bb4 8. exd5 Nxd5 9. Bd2 N5f6 10. a3 Be7 11. Be2 c5 12. d5 c4 13. Qxc4 Nb6 14. Qb3 Nbxd5 15. O-O-O O-O 16. Kb1 b5 17. Ne5 Bb7 18. Bf3 Rc8 19. Rhe1 Qc7 20. Nxd5 Nxd5 21. Bc1 Bc5 22. Nd3 Bb6 23. Re2 Qc4 24. Qxc4 bxc4 25. Nb4 Rfd8 26. Nxd5 Bxd5 27. Bxd5 exd5 28. c3 d4 29. cxd4 Rxd4 30. Rxd4 Bxd4 31. Kc2 f5 32. f3 Kf7 33. Bd2 Rc6 34. Bc3 Bg1 35. h3 g5 36. Bb4 Kg6 37. Kc3 Bh2 38. Kd4 Kh5 39. Kd5 Rc8 40. g4+ Kh4 41. Rxh2 Kg3 42. Bd6+ f4 43. Rc2 Kxf3 44. Rxc4 Re8 45. b4 Kg2 46. Rc2+ Kxh3 47. Rc3+ Kxg4 48. a4 f3 49. Bc5 Kg3 50. b5 axb5 51. axb5 g4 52. b6 Kg2 53. b7 Rb8 54. Rb3 g3 55. Bd6 Rxb7 56. Rxb7 f2 57. Rb1 h5 58. Ke4 h4 59. Ke3 f1=Q 60. Rxf1 Kxf1 61. Kf3 g2 62. Bh2 g1=Q 63. Bxg1 Kxg1 64. Kg4 h3 65. Kxh3 1/2-1/2

[Event "European Blitz-ch 2018"]
[Site "Skopje"]
[Date "2018.12.06"]
[Round "1"]
[White "Krunic, Dusan"]
[Black "Sebenik, Matej"]
[Result "0-1"]
[WhiteElo "2161"]
[BlackElo "2536"]
[Annotator "TA"]
[PlyCount "54"]
[EventDate "2018.12.06"]
[EventType "swiss"]
[EventCountry "MKD"]
[SourceTitle "playchess.com"]
[Source "ChessBase"]
[SourceQuality "1"]

1. e4 c5 2. Nc3 g6 3. f4 Bg7 4. Nf3 Nc6 5. Bb5 Nd4 6. O-O Nxb5 7. Nxb5 d5 8. exd5 a6 9. Nc3 Nf6 10. d3 Nxd5 11. Ne4 b6 12. a3 O-O 13. Qe1 Bb7 14. Ne5 Qc7 15. c4 Nxf4 16. Bxf4 Bxe5 17. Qh4 Bxe4 18. dxe4 Bxf4 19. Rxf4 Qe5 20. Raf1 f6 21. Qh6 Rad8 22. h4 Rd4 23. h5 g5 24. Rf5 Qg3 25. e5 Rd2 26. R1f2 Rxf2 27. Rxf2 Qxe5 0-1

[Event "European Blitz-ch 2018"]
[Site "Skopje"]
[Date "2018.12.06"]
[Round "1"]
[White "Spirliadis, Achileas"]
[Black "Demchenko, Anton"]
[Result "0-1"]
[WhiteElo "2153"]
[BlackElo "2679"]
[Annotator "TA"]
[PlyCount "46"]
[EventDate "2018.12.06"]
[EventType "swiss"]
[EventCountry "MKD"]
[SourceTitle "playchess.com"]
[Source "ChessBase"]
[SourceQuality "1"]

1. d4 Nf6 2. c4 g6 3. Nc3 Bg7 4. e4 O-O 5. Nge2 d6 6. Ng3 e5 7. d5 a5 8. Be2 Na6 9. h4 h5 10. Bg5 Qe8 11. Qd2 Bd7 12. O-O Nh7 13. Bh6 Qe7 14. Bg5 Nxg5 15. hxg5 f6 16. gxf6 Qxf6 17. Nd1 Nc5 18. Bf3 Kh7 19. Re1 Bh6 20. Qe2 Rf7 21. b3 Raf8 22. Nf1 Qg5 23. Rb1 Rxf3 0-1

[Event "European Blitz-ch 2018"]
[Site "Skopje"]
[Date "2018.12.06"]
[Round "1"]
[White "Kalogridakis, Georgios"]
[Black "Saric, Ivan"]
[Result "0-1"]
[WhiteElo "2144"]
[BlackElo "2695"]
[Annotator "TA"]
[PlyCount "60"]
[EventDate "2018.12.06"]
[EventType "swiss"]
[EventCountry "MKD"]
[SourceTitle "playchess.com"]
[Source "ChessBase"]
[SourceQuality "1"]

1. e4 g6 2. d4 d6 3. g3 Bg7 4. Bg2 Nf6 5. Nc3 O-O 6. Nge2 e5 7. h3 exd4 8. Nxd4 Nc6 9. Be3 Bd7 10. O-O Re8 11. Nb3 Rb8 12. Re1 b5 13. a3 a5 14. Qd2 b4 15. axb4 axb4 16. Nd5 Nxe4 17. Bxe4 Rxe4 18. Bg5 Rxe1+ 19. Rxe1 f6 20. Bh6 Ne5 21. Kg2 Bc6 22. Bxg7 Kxg7 23. f4 Rb5 24. fxe5 Rxd5 25. exf6+ Qxf6 26. Qe3 Re5+ 27. Kg1 Rxe3 28. Rxe3 Qxb2 29. Re7+ Kf6 30. Rxc7 Qb1+ 0-1

[Event "European Blitz-ch 2018"]
[Site "Skopje"]
[Date "2018.12.06"]
[Round "1"]
[White "Mikluc, Davorin"]
[Black "Cheparinov, Ivan"]
[Result "0-1"]
[WhiteElo "2137"]
[BlackElo "2709"]
[Annotator "TA"]
[PlyCount "80"]
[EventDate "2018.12.06"]
[EventType "swiss"]
[EventCountry "MKD"]
[SourceTitle "playchess.com"]
[Source "ChessBase"]
[SourceQuality "1"]

1. e4 c6 2. d4 d5 3. e5 c5 4. dxc5 e6 5. Be3 Nd7 6. Bb5 Ne7 7. Nf3 Nf5 8. Bd4 Qa5+ 9. Nc3 a6 10. Bxd7+ Bxd7 11. O-O Nxd4 12. Qxd4 Bxc5 13. Qg4 O-O 14. a3 Qc7 15. Rad1 Bxa3 16. Ne2 Bxb2 17. c3 Bb5 18. Nfd4 Bxe2 19. Nxe2 Qxe5 20. Rd3 Rac8 21. Re3 Qf6 22. Qb4 Bxc3 23. Nxc3 Rc4 24. Qb3 b5 25. Ne2 b4 26. h3 a5 27. Rb1 Ra8 28. Qd3 a4 29. Rf3 Qg6 30. Qd1 a3 31. Nf4 Qe4 32. Nd3 a2 33. Ra1 Rc3 34. Nb2 Rxf3 35. gxf3 Qf5 36. Kg2 h5 37. Qd3 Qxd3 38. Nxd3 b3 39. Kf1 Rc8 40. Ke1 Rc3 0-1

[Event "European Blitz-ch 2018"]
[Site "Skopje"]
[Date "2018.12.06"]
[Round "1"]
[White "Nasibullin, Iskander"]
[Black "Navara, David"]
[Result "0-1"]
[WhiteElo "2091"]
[BlackElo "2736"]
[Annotator "TA"]
[PlyCount "92"]
[EventDate "2018.12.06"]
[EventType "swiss"]
[EventCountry "MKD"]
[SourceTitle "playchess.com"]
[Source "ChessBase"]
[SourceQuality "1"]

1. e4 c5 2. Nf3 d6 3. d4 cxd4 4. Nxd4 Nf6 5. Nc3 a6 6. Bc4 e6 7. a3 Be7 8. Ba2 O-O 9. O-O b5 10. f4 Bb7 11. Qe2 Nbd7 12. e5 dxe5 13. fxe5 Bc5 14. Be3 Qb6 15. Rad1 Nd5 16. Bxd5 exd5 17. b4 Bxd4 18. Bxd4 Qe6 19. Rd3 Rac8 20. Rg3 Rc4 21. Qe3 Re8 22. Ne2 Nxe5 23. Nf4 Qe7 24. Nh5 Ng6 25. Qxe7 Rxe7 26. c3 f6 27. h4 Rc8 28. Rg4 Bc6 29. Ng3 Bd7 30. Nf5 Bxf5 31. Rxf5 Ne5 32. Rg3 Kf7 33. Re3 Rce8 34. Kf1 g6 35. Rf2 Ng4 36. Rxe7+ Rxe7 37. Rf4 Re4 38. Rxe4 dxe4 39. Ke2 Ke6 40. g3 Kd5 41. Kd2 f5 42. Bb6 Ne5 43. Be3 Nc4+ 44. Ke2 Nxe3 45. Kxe3 Kc4 46. Kd2 Kb3 0-1

[Event "European Blitz-ch 2018"]
[Site "Skopje"]
[Date "2018.12.06"]
[Round "1"]
[White "Krasniqi, Avni"]
[Black "Kalezic, Blazo"]
[Result "1-0"]
[WhiteElo "1885"]
[BlackElo "2460"]
[Annotator "TA"]
[PlyCount "40"]
[EventDate "2018.12.06"]
[EventType "swiss"]
[EventCountry "MKD"]

1. e4 e6 2. Nf3 d5 3. exd5 exd5 4. d4 Nf6 5. Bd3 Bd6 6. O-O O-O 7. Bg5 Bg4 8. Nbd2 Nbd7 9. c3 b6 10. h3 Bh5 11. a4 Bg6 12. a5 c5 13. Bxg6 hxg6 14. dxc5 bxc5 15. c4 Ne4 16. Nxe4 Ne5 17. Nxe5 Re8 18. Rb1 a6 19. Re1 Re7 20. h4 Bxe5 1-0

[Event "European Blitz-ch 2018"]
[Site "Skopje"]
[Date "2018.12.06"]
[Round "2"]
[White "Navara, David"]
[Black "Nasibullin, Iskander"]
[Result "1-0"]
[WhiteElo "2736"]
[BlackElo "2091"]
[Annotator "TA"]
[PlyCount "41"]
[EventDate "2018.12.06"]
[EventType "swiss"]
[EventCountry "MKD"]
[SourceTitle "playchess.com"]
[Source "ChessBase"]
[SourceQuality "1"]

1. d4 Nf6 2. c4 e6 3. Nc3 Bb4 4. e3 O-O 5. Bd3 d5 6. cxd5 exd5 7. Nge2 Nbd7 8. Bd2 c6 9. O-O Nb6 10. Qb3 Bd6 11. f3 Re8 12. e4 dxe4 13. fxe4 Ng4 14. Qxf7+ Kh8 15. e5 Bxe5 16. Qh5 Nh6 17. Bxh6 gxh6 18. dxe5 Rg8 19. Rad1 Bg4 20. Qxh6 Qe7 21. Qf6+ 1-0

[Event "European Blitz-ch 2018"]
[Site "Skopje"]
[Date "2018.12.06"]
[Round "2"]
[White "Cheparinov, Ivan"]
[Black "Mikluc, Davorin"]
[Result "1-0"]
[WhiteElo "2709"]
[BlackElo "2137"]
[Annotator "TA"]
[PlyCount "59"]
[EventDate "2018.12.06"]
[EventType "swiss"]
[EventCountry "MKD"]
[SourceTitle "playchess.com"]
[Source "ChessBase"]
[SourceQuality "1"]

1. d4 Nf6 2. c4 g6 3. Nc3 Bg7 4. e4 d6 5. h3 O-O 6. Be3 Nbd7 7. Nf3 c5 8. Be2 cxd4 9. Nxd4 a6 10. O-O Ne5 11. f4 Nc6 12. Qd2 Bd7 13. Rad1 Nxd4 14. Bxd4 Bc6 15. Qe3 Ne8 16. Bxg7 Nxg7 17. b4 b5 18. c5 Qb8 19. f5 a5 20. cxd6 exd6 21. f6 Ne8 22. Qh6 axb4 23. Nd5 Bxd5 24. Rxd5 Rxa2 25. Bxb5 Qb6+ 26. Kh2 Rf2 27. Bxe8 Rxf6 28. Rxf6 Rxe8 29. Rfxd6 Qc7 30. Qf4 1-0

[Event "European Blitz-ch 2018"]
[Site "Skopje"]
[Date "2018.12.06"]
[Round "2"]
[White "Mamedov, Rauf"]
[Black "Smolka, Marcin"]
[Result "1-0"]
[WhiteElo "2703"]
[BlackElo "2178"]
[Annotator "TA"]
[PlyCount "49"]
[EventDate "2018.12.06"]
[EventType "swiss"]
[EventCountry "MKD"]
[SourceTitle "playchess.com"]
[Source "ChessBase"]
[SourceQuality "1"]

1. e4 e5 2. Nc3 Nf6 3. g3 Bc5 4. Bg2 Nc6 5. d3 a6 6. h3 d6 7. Nge2 Be6 8. Nd5 h6 9. c3 Ba7 10. O-O Qd7 11. Kh2 Ne7 12. Nxf6+ gxf6 13. f4 f5 14. exf5 Nxf5 15. Bxb7 Rb8 16. Be4 Rg8 17. g4 d5 18. gxf5 Bxf5 19. Bxf5 Qxf5 20. Ng3 Qg6 21. Qg4 Qh7 22. Qe2 e4 23. dxe4 h5 24. Qxh5 Qg7 25. Qe5+ 1-0

[Event "European Blitz-ch 2018"]
[Site "Skopje"]
[Date "2018.12.06"]
[Round "2"]
[White "Saric, Ivan"]
[Black "Kalogridakis, Georgios"]
[Result "1-0"]
[WhiteElo "2695"]
[BlackElo "2144"]
[Annotator "TA"]
[PlyCount "51"]
[EventDate "2018.12.06"]
[EventType "swiss"]
[EventCountry "MKD"]
[SourceTitle "playchess.com"]
[Source "ChessBase"]
[SourceQuality "1"]

1. e4 c5 2. Nf3 d6 3. g3 Nf6 4. d3 g6 5. Bg2 Bg7 6. O-O O-O 7. c3 Qc7 8. Re1 b5 9. d4 Bb7 10. e5 dxe5 11. dxe5 Nd5 12. e6 fxe6 13. Ng5 Rf6 14. Nxe6 Qd6 15. Nxg7 Kxg7 16. c4 bxc4 17. Nc3 e6 18. Ne4 Qf8 19. Nxf6 Qxf6 20. Qe2 Kf7 21. h4 Nd7 22. Bg5 Qf5 23. g4 Nf4 24. Bxf4 Qxf4 25. Qxe6+ Kf8 26. Bxb7 1-0

[Event "European Blitz-ch 2018"]
[Site "Skopje"]
[Date "2018.12.06"]
[Round "2"]
[White "Demchenko, Anton"]
[Black "Spirliadis, Achileas"]
[Result "1-0"]
[WhiteElo "2679"]
[BlackElo "2153"]
[Annotator "TA"]
[PlyCount "61"]
[EventDate "2018.12.06"]
[EventType "swiss"]
[EventCountry "MKD"]
[SourceTitle "playchess.com"]
[Source "ChessBase"]
[SourceQuality "1"]

1. e4 e6 2. d4 d5 3. Nd2 Be7 4. Ngf3 Nf6 5. e5 Nfd7 6. c3 c5 7. Be2 Nc6 8. O-O g5 9. Nb3 c4 10. Nbd2 g4 11. Ne1 h5 12. f3 Bg5 13. Kh1 b5 14. Nc2 b4 15. cxb4 Qe7 16. b5 Na5 17. Nb1 Bb7 18. Nc3 O-O-O 19. f4 Bh6 20. Bd2 Ba8 21. b3 cxb3 22. axb3 Nxb3 23. Rxa7 Kb8 24. Ra4 Nxd2 25. Qxd2 Nb6 26. Ra6 Qc7 27. Nb4 Bb7 28. Rb1 Nc4 29. Bxc4 Qxc4 30. Nc6+ Kc7 31. Ra4 1-0

[Event "European Blitz-ch 2018"]
[Site "Skopje"]
[Date "2018.12.06"]
[Round "2"]
[White "Van Foreest, Jorden"]
[Black "Muter, Donny"]
[Result "1-0"]
[WhiteElo "2614"]
[BlackElo "2206"]
[Annotator "TA"]
[PlyCount "64"]
[EventDate "2018.12.06"]
[EventType "swiss"]
[EventCountry "MKD"]
[SourceTitle "playchess.com"]
[Source "ChessBase"]
[SourceQuality "1"]

1. e4 d6 2. d4 Nf6 3. Nc3 e5 4. Nf3 Nbd7 5. Bc4 Be7 6. a4 O-O 7. O-O c6 8. h3 Qc7 9. Re1 b6 10. Be3 a6 11. Nh4 Re8 12. Nf5 Bf8 13. d5 Bb7 14. dxc6 Bxc6 15. Bg5 h6 16. Bh4 g6 17. Ne3 Bg7 18. Qf3 Rf8 19. Rad1 Kh7 20. Bb3 b5 21. axb5 axb5 22. Re2 Ra6 23. Red2 b4 24. Ncd5 Nxd5 25. Nxd5 Bxd5 26. Bxd5 Nc5 27. Bc4 Rb6 28. b3 f5 29. exf5 gxf5 30. Qh5 e4 31. Rd5 f4 32. Rf5 Qd8 1-0

[Event "European Blitz-ch 2018"]
[Site "Skopje"]
[Date "2018.12.06"]
[Round "2"]
[White "Banikas, Hristos"]
[Black "Nowicki, Bartosz"]
[Result "1-0"]
[WhiteElo "2601"]
[BlackElo "2305"]
[Annotator "TA"]
[PlyCount "51"]
[EventDate "2018.12.06"]
[EventType "swiss"]
[EventCountry "MKD"]

1. d4 Nf6 2. c4 c5 3. d5 g6 4. Nc3 Bg7 5. e4 d6 6. Bd3 O-O 7. Nge2 e5 8. Bg5 h6 9. Bh4 Na6 10. f3 Nc7 11. Qd2 a6 12. O-O Rb8 13. Rab1 Qe8 14. b4 cxb4 15. Rxb4 Nd7 16. Rfb1 Nc5 17. Bc2 f5 18. Na4 a5 19. Nxc5 axb4 20. Nd3 f4 21. Qxb4 Qd7 22. Ba4 b5 23. cxb5 Rb6 24. Qa5 Rb7 25. b6 Qf7 26. Bc6 1-0

[Event "European Blitz-ch 2018"]
[Site "Skopje"]
[Date "2018.12.06"]
[Round "2"]
[White "Bartel, Mateusz"]
[Black "Podetti, Davide"]
[Result "1-0"]
[WhiteElo "2600"]
[BlackElo "2163"]
[Annotator "TA"]
[PlyCount "59"]
[EventDate "2018.12.06"]
[EventType "swiss"]
[EventCountry "MKD"]

1. e4 e5 2. Nf3 Nc6 3. Bb5 a6 4. Ba4 Nf6 5. d3 b5 6. Bb3 Be7 7. h3 d6 8. Bd2 O-O 9. O-O Be6 10. Nc3 d5 11. exd5 Nxd5 12. Re1 Nxc3 13. Bxc3 Bxb3 14. axb3 f6 15. Qe2 Bc5 16. Qe4 Qd7 17. b4 Bb6 18. Qg4 Qxg4 19. hxg4 a5 20. bxa5 Bxa5 21. Bxa5 Nxa5 22. d4 Nc4 23. b3 Na3 24. dxe5 fxe5 25. Rxe5 c6 26. Rc5 b4 27. Re1 Nb5 28. Rxc6 Ra7 29. Rc4 Na3 30. Rc5 1-0

[Event "European Blitz-ch 2018"]
[Site "Skopje"]
[Date "2018.12.06"]
[Round "2"]
[White "Bosiocic, Marin"]
[Black "Styazhkina, Anna"]
[Result "1-0"]
[WhiteElo "2599"]
[BlackElo "2274"]
[Annotator "TA"]
[PlyCount "45"]
[EventDate "2018.12.06"]
[EventType "swiss"]
[EventCountry "MKD"]
[SourceTitle "playchess.com"]
[Source "ChessBase"]
[SourceQuality "1"]

1. e4 e5 2. Nf3 Nc6 3. Bb5 a6 4. Ba4 g6 5. d4 exd4 6. Bxc6 dxc6 7. Qxd4 Qxd4 8. Nxd4 Bg7 9. Ne2 f5 10. exf5 Bxf5 11. c3 O-O-O 12. Be3 Ne7 13. Bd4 Bxd4 14. Nxd4 c5 15. Nf3 Rhe8 16. O-O Nd5 17. Nbd2 Nf4 18. Rfe1 Nd3 19. Rxe8 Rxe8 20. b3 h6 21. h3 g5 22. Nf1 Re2 23. Ng3 1-0

[Event "European Blitz-ch 2018"]
[Site "Skopje"]
[Date "2018.12.06"]
[Round "2"]
[White "Georgiev, Kiril"]
[Black "Molenda, Marcin"]
[Result "1-0"]
[WhiteElo "2595"]
[BlackElo "2383"]
[Annotator "TA"]
[PlyCount "61"]
[EventDate "2018.12.06"]
[EventType "swiss"]
[EventCountry "MKD"]
[SourceTitle "playchess.com"]
[Source "ChessBase"]
[SourceQuality "1"]

1. d4 Nf6 2. Nf3 g6 3. c3 Bg7 4. Bg5 O-O 5. Nbd2 d6 6. e4 Qe8 7. Bd3 e5 8. O-O h6 9. Bh4 Nh5 10. Re1 Nc6 11. dxe5 Nxe5 12. Bf1 Bg4 13. h3 Nxf3+ 14. Nxf3 Bd7 15. Nd4 a6 16. Qf3 Qe5 17. Nf5 gxf5 18. Qxh5 fxe4 19. Qxe5 dxe5 20. Rxe4 f5 21. Ree1 Bc6 22. Bc4+ Kh8 23. Rad1 e4 24. Bd5 Bxd5 25. Rxd5 Rf7 26. Red1 c6 27. Rd7 Raf8 28. Be7 Re8 29. Bc5 Rxd7 30. Rxd7 Re5 31. Bd4 1-0

[Event "European Blitz-ch 2018"]
[Site "Skopje"]
[Date "2018.12.06"]
[Round "2"]
[White "Esipenko, Andrey"]
[Black "Chernyak, Viktoria"]
[Result "1-0"]
[WhiteElo "2593"]
[BlackElo "2186"]
[Annotator "TA"]
[PlyCount "55"]
[EventDate "2018.12.06"]
[EventType "swiss"]
[EventCountry "MKD"]
[SourceTitle "playchess.com"]
[Source "ChessBase"]
[SourceQuality "1"]

1. d4 d5 2. Nf3 Nf6 3. Bf4 c5 4. e3 e6 5. c3 Bd6 6. Bg3 O-O 7. Nbd2 b6 8. Bd3 Ba6 9. Bxa6 Nxa6 10. Qe2 Nb8 11. e4 dxe4 12. Nxe4 Be7 13. dxc5 bxc5 14. Nxf6+ Bxf6 15. Qe4 Nd7 16. O-O-O Qc8 17. h4 Nb6 18. Ng5 g6 19. Be5 Be7 20. Nxh7 Kxh7 21. h5 f5 22. hxg6+ Kxg6 23. Qf3 Bg5+ 24. Kb1 f4 25. Qh5+ Kf5 26. Rde1 Qb7 27. g4+ fxg3 28. fxg3 1-0

[Event "European Blitz-ch 2018"]
[Site "Skopje"]
[Date "2018.12.06"]
[Round "2"]
[White "Stevic, Hrvoje"]
[Black "Bogoevski, Jani"]
[Result "1-0"]
[WhiteElo "2587"]
[BlackElo "2190"]
[Annotator "TA"]
[PlyCount "109"]
[EventDate "2018.12.06"]
[EventType "swiss"]
[EventCountry "MKD"]
[SourceTitle "playchess.com"]
[Source "ChessBase"]
[SourceQuality "1"]

1. e4 e6 2. d4 d5 3. e5 c5 4. c3 Qb6 5. Nf3 Bd7 6. Bd3 cxd4 7. Nxd4 Nc6 8. Nf3 f5 9. O-O Nge7 10. Qe2 Ng6 11. h4 Be7 12. h5 Nh4 13. Nxh4 Bxh4 14. Nd2 O-O 15. Nf3 Be7 16. Bf4 a6 17. h6 g6 18. b4 Qd8 19. Qe3 Qe8 20. a4 Nd8 21. Ng5 Bxa4 22. c4 Bxg5 23. Bxg5 Nf7 24. Bf6 dxc4 25. Bxc4 Bb5 26. Rfc1 Rc8 27. Bb3 Rxc1+ 28. Rxc1 Bc6 29. Bg7 Nd8 30. Bxf8 Kxf8 31. Rd1 Qe7 32. Qc5 Ke8 33. Rd6 Bb5 34. Qb6 Bc6 35. f4 Qh4 36. Rd1 Qe7 37. Qc5 Qh4 38. Qd6 Qe7 39. Qxe7+ Kxe7 40. Rd6 Bd7 41. Kf2 Nf7 42. Rb6 Bc6 43. Bc4 Nd8 44. b5 axb5 45. Bxb5 Bd5 46. Rd6 Nf7 47. Rd7+ Kf8 48. Rc7 Nxh6 49. Bc4 Bxc4 50. Rxc4 Nf7 51. Rc7 h6 52. Rxb7 g5 53. g3 Kg7 54. Re7 gxf4 55. gxf4 1-0

[Event "European Blitz-ch 2018"]
[Site "Skopje"]
[Date "2018.12.06"]
[Round "2"]
[White "Djukic, Nikola"]
[Black "Iskos, Alexandros"]
[Result "1-0"]
[WhiteElo "2574"]
[BlackElo "2215"]
[Annotator "TA"]
[PlyCount "87"]
[EventDate "2018.12.06"]
[EventType "swiss"]
[EventCountry "MKD"]
[SourceTitle "playchess.com"]
[Source "ChessBase"]
[SourceQuality "1"]

1. e4 d5 2. exd5 Qxd5 3. Nc3 Qd8 4. d4 Nf6 5. Nf3 Bg4 6. h3 Bxf3 7. Qxf3 c6 8. Be3 e6 9. Bd3 Nbd7 10. O-O Bd6 11. Ne4 Nxe4 12. Qxe4 g6 13. Rad1 O-O 14. c3 Re8 15. Bc2 Nf6 16. Qf3 Nd5 17. Bc1 Qf6 18. Qxf6 Nxf6 19. g3 Kg7 20. Kg2 Rad8 21. f4 c5 22. Kf3 cxd4 23. Rxd4 Bc5 24. Rxd8 Rxd8 25. Rd1 Rxd1 26. Bxd1 h5 27. a3 a5 28. b4 axb4 29. cxb4 Bb6 30. Bb2 Bd8 31. Ke3 Kf8 32. Bf3 b6 33. Kd3 Ke7 34. Kc4 Kd7 35. Bd4 Kc7 36. a4 h4 37. g4 Nd7 38. Kb5 f6 39. Bf2 e5 40. fxe5 Nxe5 41. Bxb6+ Kd7 42. Bxd8 Kxd8 43. Be4 Ke7 44. a5 1-0

[Event "European Blitz-ch 2018"]
[Site "Skopje"]
[Date "2018.12.06"]
[Round "2"]
[White "Sebenik, Matej"]
[Black "Krunic, Dusan"]
[Result "0-1"]
[WhiteElo "2536"]
[BlackElo "2161"]
[Annotator "TA"]
[PlyCount "70"]
[EventDate "2018.12.06"]
[EventType "swiss"]
[EventCountry "MKD"]

1. Nf3 d5 2. c4 d4 3. g3 c5 4. Bg2 Nc6 5. d3 e5 6. O-O h6 7. e3 Nf6 8. exd4 exd4 9. Re1+ Be7 10. Bf4 O-O 11. Ne5 Nxe5 12. Bxe5 Bd6 13. Bxf6 Qxf6 14. Nd2 Bf5 15. Ne4 Qg6 16. Nxd6 Qxd6 17. Bxb7 Rab8 18. Qf3 Bxd3 19. Bd5 Bg6 20. b3 Rfe8 21. h4 Re5 22. g4 h5 23. Qg3 Rbe8 24. Rxe5 Qxe5 25. Qxe5 Rxe5 26. g5 Kf8 27. a3 Bc2 28. b4 d3 29. Bf3 d2 30. Kg2 Re1 31. Ra2 d1=Q 32. Bxd1 Bxd1 33. bxc5 Bb3 34. Rb2 Bxc4 35. Rb7 Bd5+ 0-1

[Event "European Blitz-ch 2018"]
[Site "Skopje"]
[Date "2018.12.06"]
[Round "2"]
[White "Nenezic, Marko"]
[Black "Tsolakidou, Stavroula"]
[Result "1-0"]
[WhiteElo "2515"]
[BlackElo "2387"]
[Annotator "TA"]
[PlyCount "111"]
[EventDate "2018.12.06"]
[EventType "swiss"]
[EventCountry "MKD"]
[SourceTitle "playchess.com"]
[Source "ChessBase"]
[SourceQuality "1"]

1. Nf3 Nf6 2. c4 e6 3. g3 a6 4. Bg2 b5 5. b3 Bb7 6. O-O c5 7. Nc3 Qb6 8. e3 Be7 9. d4 d6 10. d5 exd5 11. cxd5 Nbd7 12. Nh4 g6 13. e4 O-O 14. Bh6 Rfe8 15. h3 Rac8 16. Qd2 c4 17. b4 Ne5 18. a4 Nfd7 19. Be3 Qd8 20. axb5 axb5 21. Ra7 Ba8 22. Nxb5 c3 23. Nxc3 Nc4 24. Qe2 Nxe3 25. Qxe3 Bg5 26. f4 Bxh4 27. Rxd7 Qxd7 28. gxh4 Bb7 29. Qd4 Ba6 30. Ra1 Rc4 31. Qe3 Rec8 32. Nd1 Qb5 33. Bf1 Rxe4 34. Bxb5 Rxe3 35. Bxa6 Re1+ 36. Kf2 Rce8 37. Bd3 Rh1 38. b5 Rh2+ 39. Kg3 Rd2 40. Bf1 Rb8 41. Rb1 Kg7 42. Ne3 Ra2 43. f5 Ra3 44. Kf4 gxf5 45. Nxf5+ Kf6 46. Nd4 Ra4 47. Rd1 Rc8 48. Ke3 Rc3+ 49. Rd3 Rc1 50. Be2 Rb1 51. Rb3 Rh1 52. b6 Rxh3+ 53. Bf3 Ra8 54. b7 Re8+ 55. Kf2 Rxh4 56. Nc6 1-0

[Event "European Blitz-ch 2018"]
[Site "Skopje"]
[Date "2018.12.06"]
[Round "2"]
[White "Kalezic, Blazo"]
[Black "Krasniqi, Avni"]
[Result "1-0"]
[WhiteElo "2460"]
[BlackElo "1885"]
[Annotator "TA"]
[PlyCount "47"]
[EventDate "2018.12.06"]
[EventType "swiss"]
[EventCountry "MKD"]

1. e4 e6 2. d3 d5 3. Nd2 c6 4. g3 Nf6 5. Bg2 Be7 6. e5 Nfd7 7. Ngf3 Qc7 8. Qe2 c5 9. O-O Nc6 10. Re1 b6 11. c3 Bb7 12. h4 O-O 13. Nf1 Rfe8 14. Bf4 Bf8 15. N1h2 g6 16. Ng4 Bg7 17. Nh6+ Kf8 18. d4 a5 19. Rac1 Ba6 20. Qe3 Bb7 21. Ng4 h5 22. Nf6 Re7 23. Ng5 cxd4 24. Ngh7# 1-0

[Event "European Blitz-ch 2018"]
[Site "Skopje"]
[Date "2018.12.06"]
[Round "2"]
[White "Ratsma, Midas"]
[Black "Anton Guijarro, David"]
[Result "0-1"]
[WhiteElo "2316"]
[BlackElo "2642"]
[Annotator "TA"]
[PlyCount "92"]
[EventDate "2018.12.06"]
[EventType "swiss"]
[EventCountry "MKD"]

1. d4 Nf6 2. c4 e6 3. Nc3 Bb4 4. Qc2 d6 5. Bg5 h6 6. Bh4 Bxc3+ 7. bxc3 Nbd7 8. e4 c5 9. d5 Qe7 10. Be2 exd5 11. exd5 O-O 12. Nf3 Re8 13. Bg3 Nb6 14. Kf1 Bf5 15. Qb2 Na4 16. Qd2 Nxc3 17. Bd3 Nce4 18. Qc2 Nxg3+ 19. hxg3 Bxd3+ 20. Qxd3 Qd7 21. Nd2 Re5 22. f3 Rae8 23. Kf2 b5 24. cxb5 Rxd5 25. Qc3 Qxb5 26. Rhe1 Rxe1 27. Rxe1 Qd3 28. Qxd3 Rxd3 29. Ke2 Ra3 30. Ra1 d5 31. Nb3 Nd7 32. Nc1 c4 33. Rb1 Nb6 34. Rb5 Kf8 35. Rc5 Ke7 36. Rc7+ Ke6 37. Kd2 d4 38. Kc2 g5 39. Rc6+ Kd7 40. Rxh6 Nd5 41. Rh7 Ke7 42. Rh5 Nb4+ 43. Kb2 Re3 44. Rxg5 Re1 45. Rb5 Nd3+ 46. Nxd3 cxd3 0-1

[Event "European Blitz-ch 2018"]
[Site "Skopje"]
[Date "2018.12.06"]
[Round "2"]
[White "Velikic, Adela"]
[Black "Guseinov, Gadir"]
[Result "0-1"]
[WhiteElo "2298"]
[BlackElo "2664"]
[Annotator "TA"]
[PlyCount "58"]
[EventDate "2018.12.06"]
[EventType "swiss"]
[EventCountry "MKD"]
[SourceTitle "playchess.com"]
[Source "ChessBase"]
[SourceQuality "1"]

1. e4 c5 2. Nf3 g6 3. d4 cxd4 4. Nxd4 Nc6 5. c4 Nf6 6. Nc3 d6 7. Be2 Bg7 8. Be3 O-O 9. O-O Bd7 10. Rc1 Nxd4 11. Bxd4 Bc6 12. f3 Nd7 13. Be3 a5 14. Kh1 a4 15. Qd2 Qa5 16. Nd5 Bxd5 17. cxd5 Qxd2 18. Bxd2 Bxb2 19. Rc7 Nc5 20. Be3 Rfc8 21. Rxc8+ Rxc8 22. a3 Bxa3 23. Bxc5 Bxc5 24. Rb1 a3 25. Bc4 Bd4 26. Bb3 Rc3 27. Ba2 Rc2 28. Bb3 Rd2 29. Rc1 a2 0-1

[Event "European Blitz-ch 2018"]
[Site "Skopje"]
[Date "2018.12.06"]
[Round "2"]
[White "Gajcin, Marina"]
[Black "Dvirnyy, Danyyil"]
[Result "0-1"]
[WhiteElo "2244"]
[BlackElo "2485"]
[Annotator "TA"]
[PlyCount "110"]
[EventDate "2018.12.06"]
[EventType "swiss"]
[EventCountry "MKD"]
[SourceTitle "playchess.com"]
[Source "ChessBase"]
[SourceQuality "1"]

1. e4 e5 2. Nf3 Nc6 3. Bc4 Bc5 4. c3 Nf6 5. d3 a6 6. a4 Ba7 7. O-O d6 8. Nbd2 h6 9. b4 Ne7 10. h3 Ng6 11. d4 O-O 12. Re1 exd4 13. cxd4 d5 14. exd5 Nxd5 15. Qb3 Be6 16. Ne4 Ndf4 17. Bb2 Bxc4 18. Qxc4 c6 19. b5 axb5 20. axb5 Qd5 21. Qxd5 Nxd5 22. bxc6 bxc6 23. Nc5 Bb6 24. Nd2 Ngf4 25. Ndb3 Rad8 26. Ba3 Rfe8 27. Kf1 g5 28. Nb7 Rb8 29. N7c5 Kg7 30. Nd7 Rbd8 31. Nxb6 Nxb6 32. Bc5 Nbd5 33. Rxe8 Rxe8 34. Bd6 Nd3 35. Nc5 Nxc5 36. dxc5 Kf6 37. g3 h5 38. Ra6 Rc8 39. Ra4 Kg6 40. Re4 Nf6 41. Ra4 Kf5 42. Ke2 g4 43. hxg4+ hxg4 44. Kd3 Nd5 45. Re4 f6 46. Re1 Ra8 47. Rh1 Ra2 48. Rh5+ Kg6 49. Rh2 Kf5 50. Rh5+ Ke6 51. Rh2 Ra3+ 52. Kd4 Rf3 53. Bf8 Nb4 54. Bh6 Nc2+ 55. Ke4 f5# 0-1